Профессору Ю. П. Усову - 75 лет; Известия Томского политехнического университета [Известия ТПУ]; Т. 320, № 2 : Математика и механика. Физика

Бібліографічні деталі
Parent link:Известия Томского политехнического университета [Известия ТПУ]/ Томский политехнический университет (ТПУ).— , 2000-
Т. 320, № 2 : Математика и механика. Физика.— 2012.— [С. 147]
Резюме:Заглавие с титульного листа
Электронная версия печатной публикации
16 января 2012 г. исполнилось 75 лет доктору технических наук, профессору Томского политехнического университета Юрию Петровичу Усову.
Мова:Російська
Опубліковано: 2012
Серія:Наши юбиляры
Предмети:
Онлайн доступ:http://earchive.tpu.ru/bitstream/11683/4144/1/bulletin_tpu-2012-320-2-32.pdf
Формат: MixedMaterials Електронний ресурс Частина з книги
KOHA link:https://koha.lib.tpu.ru/cgi-bin/koha/opac-detail.pl?biblionumber=214132

MARC

LEADER 00000nla2a2200000 4500
001 214132
005 20231031193448.0
035 |a (RuTPU)RU\TPU\book\233984 
035 |a RU\TPU\book\233983 
090 |a 214132 
100 |a 20120419d2012 k y0rusy50 ca 
101 0 |a rus 
102 |a RU 
135 |a drnn ---uucaa 
181 0 |a i  
182 0 |a b 
200 1 |a Профессору Ю. П. Усову - 75 лет  |b Электронный ресурс 
203 |a Текст  |c электронный 
215 |a 1 файл (262 Кб) 
225 1 |a Наши юбиляры 
230 |a Электронные текстовые данные (1 файл : 262 Кб) 
300 |a Заглавие с титульного листа 
300 |a Электронная версия печатной публикации 
330 |a 16 января 2012 г. исполнилось 75 лет доктору технических наук, профессору Томского политехнического университета Юрию Петровичу Усову. 
337 |a Adobe Reader 
461 1 |0 (RuTPU)RU\TPU\book\176237  |t Известия Томского политехнического университета [Известия ТПУ]  |f Томский политехнический университет (ТПУ)  |d 2000- 
463 1 |0 (RuTPU)RU\TPU\book\233487  |x 1684-8519  |t Т. 320, № 2 : Математика и механика. Физика  |v [С. 147]  |d 2012  |p 161 с. 
600 1 |a Усов  |b Ю. П.  |c российский ученый, электротехник  |c профессор Томского политехнического университета, доктор технических наук  |f 1937-  |g Юрий Петрович  |y Томск  |x TPU  |2 stltpush  |3 (RuTPU)RU\TPU\pers\19875 
610 1 |a труды учёных ТПУ 
610 1 |a электронный ресурс 
801 1 |a RU  |b 63413507  |c 20090623  |g PSBO 
801 2 |a RU  |b 63413507  |c 20190516  |g PSBO 
856 4 |u http://earchive.tpu.ru/bitstream/11683/4144/1/bulletin_tpu-2012-320-2-32.pdf 
942 |c CF